00473 a2200169 450000100060000002000140000604000220002010000230004224000400006524500350010530000080014036200090014865000110015794200070016895201110017599900170028661635 a858563029 cAnchieta - Pituba aMuraro, Rose Marie10aOs seis meses em que fui homemlpor10aOs seis meses em que fui homem a2720 a1993 4aMulher cBK 00104070a91.1b91.1d2023-11-21l0o305.4 M972s MUR SEIp13750/PITr2023-11-21 18:29:49w2023-11-21yBK c61635d61635